[Event "Memorial Gashimov - Rapid"]
[Site "Baku"]
[Date "21.12.2021"]
[Round "R6"]
[White "Mamedyarov, Shakhriyar"]
[Black "Rapport, Richard"]
[Result "1-0"]
[WhiteTitle "GM"]
[BlackTitle "GM"]
[WhiteElo "2767"]
[BlackElo "2763"]
[WhiteFideId "13401319"]
[BlackFideId "738590"]
[EventDate "2021.12.18"]

1. d4 Nf6 2. c4 g6 3. Nc3 Bg7 4. g3 O-O 5. Bg2 d6 6. Nf3 Nc6 7. O-O a6 8. e4 Rb8
9. a3 Bg4 10. Be3 Na5 11. Qe2 b5 12. cxb5 axb5 13. h3 Bc8 14. e5 Nd7 15. Bg5 f6
16. Bf4 fxe5 17. dxe5 Kh8 18. Rfe1 Nc4 19. exd6 exd6 20. Nxb5 Rxb5 21. Qxc4 Rxb2
22. Ng5 Qf6 23. Rad1 Ne5 24. Qxc7 Rxf2 25. Kxf2 Qxg5 26. Qxc8 Qh5 27. Qc7 g5 28.
Rxd6 gxf4 29. Rd8 fxg3+ 30. Kg1 Nf3+ 31. Bxf3 Qxf3 32. Rxf8+ Bxf8 33. Qe5+ Kg8
34. Qg5+ Kh8 35. Rf1 Qa8 36. Qf6+ Bg7 37. Qf3 Qb8 38. Re1 h6 39. Kg2 Bf8 40. Re2
Kg7 41. a4 Bd6 42. Qg4+ Kh8 43. Qg6 Qb7+ 44. Qe4 Qc7 45. a5 1-0

[Event "Memorial Gashimov - Rapid"]
[Site "Baku"]
[Date "21.12.2021"]
[Round "R6"]
[White "Anand, Viswanathan"]
[Black "Caruana, Fabiano"]
[Result "0-1"]
[WhiteTitle "GM"]
[BlackTitle "GM"]
[WhiteElo "2751"]
[BlackElo "2792"]
[WhiteFideId "5000017"]
[BlackFideId "2020009"]
[EventDate "2021.12.18"]

1. e4 e5 2. Nf3 Nc6 3. Bb5 a6 4. Ba4 Nf6 5. O-O Be7 6. Re1 b5 7. Bb3 d6 8. c3
O-O 9. h3 h6 10. d4 Re8 11. Nbd2 Bd7 12. Nf1 a5 13. d5 Nb8 14. a4 Na6 15. axb5
Nc5 16. Bc2 Bxb5 17. b3 Bxf1 18. Kxf1 c6 19. dxc6 Qb6 20. Kg1 Qxc6 21. Nd2 Ne6
22. Bb2 Reb8 23. Ra2 Bf8 24. Qe2 Rd8 25. Nc4 Qc7 26. Rea1 d5 27. exd5 Rxd5 28.
Ne3 Rdd8 29. b4 Nf4 30. Qf3 Re8 31. Rxa5 e4 32. Qd1 Rad8 33. Qf1 Nd3 34. Ra7 Qf4
35. Bc1 Bd6 36. g3 Qg5 37. Bb3 Nxc1 38. Bxf7+ Kh8 39. h4 Qe5 40. Bxe8 Nd3 41.
Bg6 Qxc3 42. Ra8 Bb8 43. h5 Rf8 44. R1a7 Qxb4 45. Ra4 Qb2 46. Ra2 Qb6 47. Bxe4
Nb4 48. Qb1 Nxe4 49. Qxe4 Nxa2 50. Rxa2 Qc5 51. Qg6 Be5 52. Rc2 Qb5 53. Kg2 Qb7+
54. Kh2 Qf3 55. Ng2 Bf6 56. Nf4 Be5 57. Ne6 Ra8 58. Rd2 Bf6 59. Rc2 Be5 60. Rd2
Bf6 61. Nf4 Bg5 62. Ne6 Bf6 63. Nc5 Bc3 64. Re2 Qxe2 0-1

[Event "Memorial Gashimov - Rapid"]
[Site "Baku"]
[Date "21.12.2021"]
[Round "R6"]
[White "Karjakin, Sergey"]
[Black "Asadli, Vugar"]
[Result "1-0"]
[WhiteTitle "GM"]
[BlackTitle "GM"]
[WhiteElo "2743"]
[BlackElo "2579"]
[WhiteFideId "14109603"]
[BlackFideId "13405764"]
[EventDate "2021.12.18"]

1. e4 c6 2. d4 d5 3. e5 c5 4. Nf3 cxd4 5. Nxd4 Nc6 6. Nxc6 bxc6 7. Bd3 e6 8. O-O
Ne7 9. Nd2 a5 10. Qe2 Ng6 11. Nf3 Be7 12. g3 O-O 13. h4 f5 14. exf6 Bxf6 15. h5
Nh8 16. Ne5 Bxe5 17. Qxe5 Nf7 18. Qc3 e5 19. h6 Re8 20. Qxc6 Bg4 21. f3 Rc8 22.
Qb7 Re7 23. Qb5 Bh3 24. Rd1 Rd7 25. Kh2 Be6 26. c3 Qf6 27. Be2 g5 28. Qb6 Qxh6+
29. Kg1 d4 30. Bf1 Rd6 31. Qxa5 Qf6 32. Bg2 Bd5 33. Rf1 Bc4 34. Re1 d3 35. Bd2
Ra6 36. Qb4 Rb6 37. Qa3 Bd5 38. Re3 Ra8 39. Qc5 Rxb2 40. Rxd3 Bb7 41. a4 Qf5 42.
Qe3 Ba6 43. c4 Bxc4 44. Rc3 Rd8 45. Be1 Re2 46. Qc1 Bd5 47. Re3 Rc2 48. Qb1 g4
49. Re2 Rdc8 50. fxg4 Rxe2 51. Qxf5 Rxg2+ 52. Kf1 Rcc2 53. Bf2 Rgxf2+ 54. Qxf2
Bc4+ 55. Ke1 Rxf2 56. Kxf2 Nd6 57. a5 Ba6 58. Rb1 Ne4+ 59. Ke3 Nc5 60. Rb6 Bf1
61. Rc6 Na6 62. Re6 Kg7 63. Rxe5 Nb4 64. Rf5 Ba6 65. Kd4 Be2 66. Kc5 Na6+ 67.
Kb6 h6 68. Re5 Bf1 69. Re6 Bc4 70. Rd6 Be2 71. Rd2 Bf1 72. Rd5 Be2 73. g5 h5 74.
Rd6 Nb4 75. Kc5 Na6+ 76. Kd4 Nb4 77. Rb6 Na6 78. Ke5 Nc5 79. Rc6 Nd7+ 80. Kf5
Bd3+ 81. Kf4 Nb8 82. Rd6 Be2 83. g6 Kh6 84. Kf5 Na6 85. Kf6 Nc7 86. g7 Bc4 87.
Rc6 1-0

[Event "Memorial Gashimov - Rapid"]
[Site "Baku"]
[Date "21.12.2021"]
[Round "R6"]
[White "Mamedov, Rauf"]
[Black "Navara, David"]
[Result "1-0"]
[WhiteTitle "GM"]
[BlackTitle "GM"]
[WhiteElo "2656"]
[BlackElo "2697"]
[WhiteFideId "13401653"]
[BlackFideId "309095"]
[EventDate "2021.12.18"]

1. e4 e5 2. Nf3 Nc6 3. Bc4 Bc5 4. c3 Nf6 5. d3 d6 6. Nbd2 O-O 7. h3 a6 8. Bb3
Be6 9. O-O h6 10. Re1 Re8 11. Nf1 d5 12. Qe2 Nh5 13. Ng5 hxg5 14. Qxh5 f6 15. h4
Bf7 16. Qg4 Be6 17. Qg3 gxh4 18. Qxh4 d4 19. Ng3 Bxb3 20. axb3 dxc3 21. bxc3
Qxd3 22. Qg4 Qxc3 23. Bh6 Bf8 24. Nh5 Kf7 25. Bxg7 Be7 26. Bh6 Rg8 27. Ng7 Rxg7
28. Qxg7+ Ke6 29. Rac1 Qb4 30. Qg4+ Kf7 31. Qh5+ Ke6 32. Qf5+ Kd6 33. Be3 Qb5
34. Red1+ Nd4 35. Bxd4 1-0

[Event "Memorial Gashimov - Rapid"]
[Site "Baku"]
[Date "21.12.2021"]
[Round "R6"]
[White "Rapport, Richard"]
[Black "Mamedyarov, Shakhriyar"]
[Result "1/2-1/2"]
[WhiteTitle "GM"]
[BlackTitle "GM"]
[WhiteElo "2763"]
[BlackElo "2767"]
[WhiteFideId "738590"]
[BlackFideId "13401319"]
[EventDate "2021.12.18"]

1. e4 e5 2. Nf3 Nc6 3. g3 Nf6 4. d3 d5 5. exd5 Qxd5 6. Bg2 Bb4+ 7. c3 Be7 8. O-O
Bg4 9. h3 Bxf3 10. Qxf3 Qxf3 11. Bxf3 O-O-O 12. Be2 Nd5 13. a4 a5 14. h4 f5 15.
Kg2 h6 16. h5 e4 17. dxe4 fxe4 18. Nd2 e3 19. Nc4 exf2 20. Rxf2 Bc5 21. Rf5 Rhf8
22. Rxf8 Rxf8 23. Bf3 Rd8 24. Bf4 Nxf4+ 25. gxf4 Ne7 26. Re1 b6 27. Re5 Rf8 28.
Kg3 g6 29. Be4 gxh5 30. Rxh5 Rf6 31. Kg4 Kd8 32. Rh2 Ke8 33. Re2 Bd6 34. f5 Kf8
35. Rd2 Kg7 36. Rd1 Kf7 37. b4 axb4 38. Nxd6+ Rxd6 39. Rxd6 cxd6 40. cxb4 d5 41.
Bf3 Kf6 42. a5 bxa5 43. bxa5 Nxf5 44. a6 Ne3+ 45. Kf4 Nc4 46. a7 Nb6 47. Bg4 h5
48. Bh3 Na8 49. Bc8 Nb6 50. Bf5 Na8 51. Bh3 Nb6 52. Bf5 Na8 53. Bd7 Nb6 54. Bc8
Na8 55. Bb7 Nb6 56. Ke3 Ke5 57. Kd3 h4 58. Ke2 Kd6 59. Kf3 Kc7 60. Bxd5 Na8 61.
Bxa8 Kb6 62. Kg4 Kxa7 63. Kxh4 1/2-1/2

[Event "Memorial Gashimov - Rapid"]
[Site "Baku"]
[Date "21.12.2021"]
[Round "R6"]
[White "Caruana, Fabiano"]
[Black "Anand, Viswanathan"]
[Result "1/2-1/2"]
[WhiteTitle "GM"]
[BlackTitle "GM"]
[WhiteElo "2792"]
[BlackElo "2751"]
[WhiteFideId "2020009"]
[BlackFideId "5000017"]
[EventDate "2021.12.18"]

1. e4 e5 2. Nf3 Nc6 3. Bb5 Nf6 4. O-O Nxe4 5. Re1 Nd6 6. Nxe5 Be7 7. Bf1 Nxe5 8.
Rxe5 O-O 9. d4 Bf6 10. Re1 Re8 11. c3 Rxe1 12. Qxe1 Ne8 13. Bf4 d5 14. Bd3 g6
15. Nd2 Ng7 16. Nf3 Bf5 17. Bxf5 Nxf5 18. Be5 c6 19. Bxf6 Qxf6 20. Qe5 Qxe5 21.
Nxe5 Re8 22. Kf1 f6 23. Nd3 Kf7 24. Re1 Rxe1+ 25. Kxe1 Nh4 26. Kf1 Nf5 27. Ke1
Nh4 28. Kf1 Nf5 1/2-1/2

[Event "Memorial Gashimov - Rapid"]
[Site "Baku"]
[Date "21.12.2021"]
[Round "R6"]
[White "Asadli, Vugar"]
[Black "Karjakin, Sergey"]
[Result "1/2-1/2"]
[WhiteTitle "GM"]
[BlackTitle "GM"]
[WhiteElo "2579"]
[BlackElo "2743"]
[WhiteFideId "13405764"]
[BlackFideId "14109603"]
[EventDate "2021.12.18"]

1. e4 e5 2. Nf3 Nc6 3. Bc4 Bc5 4. c3 Nf6 5. d4 exd4 6. cxd4 Bb4+ 7. Nbd2 Nxe4 8.
d5 Ne7 9. O-O Nxd2 10. Nxd2 O-O 11. a3 Ba5 12. d6 cxd6 13. Ne4 d5 14. Bxd5 Nxd5
15. Qxd5 d6 16. Bg5 Be6 17. Bxd8 Bxd5 18. Nf6+ gxf6 19. Bxa5 1/2-1/2

[Event "Memorial Gashimov - Rapid"]
[Site "Baku"]
[Date "21.12.2021"]
[Round "R7"]
[White "Mamedov, Rauf"]
[Black "Karjakin, Sergey"]
[Result "1/2-1/2"]
[WhiteTitle "GM"]
[BlackTitle "GM"]
[WhiteElo "2656"]
[BlackElo "2743"]
[WhiteFideId "13401653"]
[BlackFideId "14109603"]
[EventDate "2021.12.18"]

1. e4 e5 2. Nf3 Nc6 3. d4 exd4 4. Bc4 Bc5 5. c3 Nf6 6. cxd4 Bb4+ 7. Nc3 Nxe4 8.
O-O Bxc3 9. d5 Bf6 10. Re1 Ne7 11. Rxe4 d6 12. Rf4 Ng6 13. Re4+ Ne7 14. Rf4 1/2-1/2

[Event "Memorial Gashimov - Rapid"]
[Site "Baku"]
[Date "21.12.2021"]
[Round "R7"]
[White "Caruana, Fabiano"]
[Black "Mamedyarov, Shakhriyar"]
[Result "0-1"]
[WhiteTitle "GM"]
[BlackTitle "GM"]
[WhiteElo "2792"]
[BlackElo "2767"]
[WhiteFideId "2020009"]
[BlackFideId "13401319"]
[EventDate "2021.12.18"]

1. c4 Nf6 2. Nc3 g6 3. e4 e5 4. Nf3 Bg7 5. Nxe5 O-O 6. Nf3 Re8 7. Bd3 Nxe4 8.
Bxe4 Bxc3 9. dxc3 Rxe4+ 10. Be3 d6 11. h3 Nc6 12. O-O Qf6 13. Re1 Bf5 14. Bg5
Rxe1+ 15. Qxe1 Qe6 16. Qd2 f6 17. Re1 Qf7 18. Bh6 Qxc4 19. Nd4 Nxd4 20. cxd4 Qf7
21. Qe3 Bd7 22. Qe7 Re8 23. Qxf7+ Kxf7 24. Rxe8 Bxe8 25. h4 Ke6 26. Bg7 g5 27.
hxg5 fxg5 28. f3 h5 29. Kf2 a5 30. Ke3 h4 31. Bh6 Kf5 32. Bf8 Kf6 33. a3 Bc6 34.
Kf2 Bd5 35. Bh6 Kf5 36. Bg7 b5 37. Bf8 Kf6 38. Kg1 b4 39. axb4 axb4 40. Kf2 b3
41. Bh6 Kf5 42. Bf8 g4 43. Be7 h3 44. fxg4+ Ke6 45. Bxd6 Kxd6 46. gxh3 Be4 47.
h4 Kd5 48. Ke3 Bc2 49. h5 Bd1 50. h6 Bc2 0-1

[Event "Memorial Gashimov - Rapid"]
[Site "Baku"]
[Date "21.12.2021"]
[Round "R7"]
[White "Rapport, Richard"]
[Black "Navara, David"]
[Result "1-0"]
[WhiteTitle "GM"]
[BlackTitle "GM"]
[WhiteElo "2763"]
[BlackElo "2697"]
[WhiteFideId "738590"]
[BlackFideId "309095"]
[EventDate "2021.12.18"]

1. e4 e5 2. Nf3 Nc6 3. g3 Nf6 4. d3 d5 5. exd5 Nxd5 6. Bg2 Bd6 7. O-O O-O 8. Nc3
Nxc3 9. bxc3 Bg4 10. h3 Bh5 11. Rb1 Rb8 12. g4 Bg6 13. Ng5 Be7 14. Ne4 f5 15.
gxf5 Bxf5 16. Be3 Qd7 17. Qh5 g6 18. Qf3 Be6 19. Qg3 Bxa2 20. Rb5 Be6 21. Nc5
Bxc5 22. Rxc5 Qd6 23. Rb1 Rfe8 24. h4 Ne7 25. Qxe5 Nf5 26. Bf4 Bf7 27. Qxe8+
Rxe8 28. Bxd6 cxd6 29. Ra5 Nxh4 30. Rxb7 Re1+ 31. Kh2 Re2 32. Raxa7 Rxf2 33.
Rxf7 Rxf7 34. Bd5 Nf3+ 35. Kg3 1-0

[Event "Memorial Gashimov - Rapid"]
[Site "Baku"]
[Date "21.12.2021"]
[Round "R7"]
[White "Asadli, Vugar"]
[Black "Anand, Viswanathan"]
[Result "1-0"]
[WhiteTitle "GM"]
[BlackTitle "GM"]
[WhiteElo "2579"]
[BlackElo "2751"]
[WhiteFideId "13405764"]
[BlackFideId "5000017"]
[EventDate "2021.12.18"]

1. e4 e6 2. d4 d5 3. e5 c5 4. c3 Nc6 5. Nf3 Qb6 6. a3 Nh6 7. Bd3 cxd4 8. b4 Bd7
9. O-O Rc8 10. Bb2 dxc3 11. Nxc3 Be7 12. Nb5 O-O 13. Nbd4 a5 14. b5 Nxd4 15.
Bxd4 Bc5 16. a4 Bxd4 17. Nxd4 f6 18. Nf3 f5 19. Rc1 Rxc1 20. Qxc1 Rc8 21. Qf4
Qc5 22. h3 Qc3 23. Rd1 Nf7 24. g4 fxg4 25. hxg4 Rf8 26. Qg3 Qb4 27. Kg2 Nh6 28.
Nd4 Nf7 29. Bc2 Ng5 30. f4 Ne4 31. Qb3 Rxf4 32. Qxb4 axb4 33. Bxe4 Rxg4+ 34. Kf3
Rxe4 35. a5 h5 36. b6 g5 37. a6 bxa6 38. b7 Rf4+ 39. Ke3 Rf8 40. Rc1 Rb8 41. Rc7
Be8 42. Nc6 Rxb7 43. Ne7+ Kf8 44. Rxb7 h4 45. Nc8 h3 46. Kf2 a5 47. Kg3 d4 48.
Nd6 Bc6 49. Rb8+ Kg7 50. Nc4 Bd5 51. Nxa5 b3 52. Nxb3 d3 53. Kxh3 1-0

[Event "Memorial Gashimov - Rapid"]
[Site "Baku"]
[Date "21.12.2021"]
[Round "R7"]
[White "Karjakin, Sergey"]
[Black "Mamedov, Rauf"]
[Result "1-0"]
[WhiteTitle "GM"]
[BlackTitle "GM"]
[WhiteElo "2743"]
[BlackElo "2656"]
[WhiteFideId "14109603"]
[BlackFideId "13401653"]
[EventDate "2021.12.18"]

1. e4 c5 2. Nf3 Nc6 3. d4 cxd4 4. Nxd4 Nf6 5. Nc3 e5 6. Ndb5 d6 7. Nd5 Nxd5 8.
exd5 Ne7 9. c4 Ng6 10. Qa4 Bd7 11. Qb4 Qb8 12. h4 h5 13. Be3 a6 14. Nc3 Be7 15.
Na4 Qc7 16. Bb6 Qc8 17. Ba5 Bxa4 18. Qxa4+ b5 19. cxb5 O-O 20. b6 Qc5 21. Rd1
Bd8 22. Qb4 Qxb4+ 23. Bxb4 Bxb6 24. Bxd6 Rfd8 25. Ba3 Ba5+ 26. b4 Bc7 27. Bb2
Nf4 28. a3 a5 29. g3 Nxd5 30. b5 e4 31. Be2 Rab8 32. O-O e3 33. f4 Bb6 34. Kg2
Rbc8 35. Kf3 Rc2 36. Be5 Rd2 37. Rc1 Ne7 38. a4 Nf5 39. Rc6 f6 40. Bc3 Rc2 41.
Bd1 Rxc3 42. Rxc3 Nd4+ 43. Kg2 e2 44. Bxe2 Nxe2 45. Rc6 Ba7 46. b6 Bb8 47. b7
Nd4 48. Rc8 Rf8 49. Rd1 Ne6 50. f5 1-0

[Event "Memorial Gashimov - Rapid"]
[Site "Baku"]
[Date "21.12.2021"]
[Round "R7"]
[White "Mamedyarov, Shakhriyar"]
[Black "Caruana, Fabiano"]
[Result "1/2-1/2"]
[WhiteTitle "GM"]
[BlackTitle "GM"]
[WhiteElo "2767"]
[BlackElo "2792"]
[WhiteFideId "13401319"]
[BlackFideId "2020009"]
[EventDate "2021.12.18"]

1. d4 Nf6 2. c4 g6 3. Nf3 Bg7 4. g3 O-O 5. Bg2 d6 6. O-O Bf5 7. Nh4 Be4 8. Nf3
c6 9. Nc3 Bf5 10. Qb3 Qc7 11. Re1 e5 12. e4 Bd7 13. h3 Na6 14. Be3 Rfe8 15. Rad1
exd4 16. Nxd4 Nc5 17. Qc2 a5 18. b3 h6 19. a3 Rad8 20. Bf4 g5 21. Be3 Re7 22. b4
axb4 23. axb4 Na6 24. b5 Nc5 25. Nb3 Nxb3 26. Qxb3 Be6 27. Qb4 Nd7 28. f4 c5 29.
Qb3 Nb6 30. Nd5 Bxd5 31. cxd5 gxf4 32. gxf4 c4 33. Qc2 c3 34. Kh1 Nc4 35. Bd4
Na3 36. Qb3 Bxd4 37. Rxd4 Qc5 38. Ra4 Nxb5 39. Ra5 c2 40. Rc1 Rc8 41. Rxb5 Qf2
42. Rxb7 Qd2 43. Rxc2 Rxc2 44. Rb8+ Kh7 45. Qg3 Qc1+ 46. Kh2 Rc8 47. Rxc8 Qxc8
48. e5 dxe5 49. fxe5 Qf5 50. d6 Re8 51. Qe3 Qg5 52. Qd3+ Kg8 53. Qd4 Kf8 54. d7
Rd8 55. h4 Qf5 56. Bh3 Qc2+ 57. Kg3 Qg6+ 58. Kh2 Kg8 59. Qc5 Qd3 60. Qe7 Qd2+
61. Kg3 Qe3+ 62. Kg2 Qe4+ 63. Kg3 Qd3+ 64. Kh2 Qd2+ 65. Kg3 Qc3+ 66. Kg2 Qc6+
67. Kh2 Qc7 68. Bf5 Rb8 69. Bh7+ Kg7 70. Qf6+ Kf8 71. Qh8+ Ke7 72. Qf6+ Kxd7 73.
Bf5+ Ke8 74. Qh8+ 1/2-1/2

[Event "Memorial Gashimov - Rapid"]
[Site "Baku"]
[Date "21.12.2021"]
[Round "R7"]
[White "Navara, David"]
[Black "Rapport, Richard"]
[Result "1/2-1/2"]
[WhiteTitle "GM"]
[BlackTitle "GM"]
[WhiteElo "2697"]
[BlackElo "2763"]
[WhiteFideId "309095"]
[BlackFideId "738590"]
[EventDate "2021.12.18"]

1. d4 e6 2. c4 f5 3. a3 Nf6 4. Nc3 Be7 5. Nf3 O-O 6. d5 Ne4 7. Nxe4 fxe4 8. Nd4
exd5 9. cxd5 c6 10. Qb3 Kh8 11. e3 Na6 12. Bxa6 Qa5+ 13. Bd2 Qxa6 14. Bc3 d6 15.
dxc6 bxc6 16. Ne6 Bxe6 17. Qxe6 Bf6 18. Bxf6 Rxf6 19. Qxe4 Raf8 20. f3 d5 21.
Qe5 Rg6 22. Kf2 Qd3 23. Rhg1 Qd2+ 24. Kf1 Rgf6 25. f4 Rf5 26. Qd4 Rxf4+ 27. Qxf4
Rxf4+ 28. exf4 Qxf4+ 29. Ke2 Qe4+ 30. Kd2 Qd4+ 31. Kc2 Qc5+ 32. Kd3 Qc4+ 33. Kd2
Qd4+ 34. Kc2 Qc5+ 35. Kd3 Qc4+ 1/2-1/2

[Event "Memorial Gashimov - Rapid"]
[Site "Baku"]
[Date "21.12.2021"]
[Round "R7"]
[White "Anand, Viswanathan"]
[Black "Asadli, Vugar"]
[Result "1/2-1/2"]
[WhiteTitle "GM"]
[BlackTitle "GM"]
[WhiteElo "2751"]
[BlackElo "2579"]
[WhiteFideId "5000017"]
[BlackFideId "13405764"]
[EventDate "2021.12.18"]

1. e4 c6 2. d4 d5 3. e5 c5 4. Nf3 cxd4 5. Nxd4 Nc6 6. Bb5 Bd7 7. Nxc6 bxc6 8.
Bd3 e6 9. O-O Ne7 10. Nd2 Ng6 11. Nf3 Be7 12. g3 O-O 13. Re1 c5 14. c3 Re8 15.
h4 Nf8 16. h5 h6 17. Nh2 Rb8 18. b3 Bc6 19. Qg4 Kh8 20. Bd2 a5 21. Rab1 Rb7 22.
Qe2 Bg5 23. Nf3 Bxd2 24. Qxd2 Nd7 25. Bc2 Qe7 26. Qd3 Nf8 27. Qe3 Reb8 28. c4 a4
29. Nd2 axb3 30. axb3 Ra8 31. Rbc1 Nd7 32. cxd5 Bxd5 33. Nc4 Rb4 34. Ra1 Rab8
35. Ra7 R4b7 36. Rxb7 Bxb7 37. Ra1 Ra8 38. Rxa8+ Bxa8 39. Qd3 Nf8 40. Qd6 Qxd6
41. exd6 Bc6 42. Ne5 Be8 43. Nd3 Nd7 44. Bd1 Kg8 45. Bf3 Kf8 46. Kf1 Nf6 47.
Nxc5 Bb5+ 48. Ke1 Ke8 49. Kd2 Kd8 50. Kc3 Ne8 51. Nb7+ Kd7 52. Kb4 Bc6 53. Bxc6+
Kxc6 54. Nd8+ Kxd6 55. Nxf7+ Kd5 56. g4 e5 57. f3 Nf6 58. Ka5 Ke6 59. Nh8 e4 60.
fxe4 Nxe4 61. b4 Kf6 62. Ng6 Nc3 63. Nf8 Kg5 64. Ne6+ Kxg4 65. Nxg7 Kg5 1/2-1/2

[Event "Memorial Gashimov - Blitz"]
[Site "Baku"]
[Date "22.12.2021"]
[Round "B1"]
[White "Navara, David"]
[Black "Mamedyarov, Shakhriyar"]
[Result "1/2-1/2"]
[WhiteTitle "GM"]
[BlackTitle "GM"]
[WhiteElo "2697"]
[BlackElo "2767"]
[WhiteFideId "309095"]
[BlackFideId "13401319"]
[EventDate "2021.12.22"]

1. d4 Nf6 2. c4 g6 3. Nc3 d5 4. cxd5 Nxd5 5. e4 Nxc3 6. bxc3 Bg7 7. Be3 O-O 8.
Rc1 Nd7 9. Bc4 e5 10. Nf3 Qe7 11. Bg5 Qd6 12. O-O b6 13. Qc2 c5 14. Bd5 Rb8 15.
dxe5 Nxe5 16. Nxe5 Bxe5 17. f4 Bg7 18. Rcd1 Be6 19. e5 Qc7 20. c4 Rbe8 21. Bh4
f6 22. exf6 Bxf6 23. Bxf6 Rxf6 24. Rde1 Qd7 25. Rxe6 Rexe6 26. f5 gxf5 27. Rxf5
Kg7 28. Bxe6 Rxe6 29. Qc3+ Qd4+ 30. Qxd4+ cxd4 31. Rd5 Re2 32. a3 Ra2 33. Rxd4
Rxa3 34. Rd7+ Kg6 35. Rb7 h5 36. Kf2 Ra4 37. Kf3 Kf5 38. Rf7+ Ke5 39. Rh7 Rxc4
40. Rxh5+ Kf6 41. Rh7 Ra4 42. Rb7 Ra3+ 43. Kf4 Ra4+ 44. Kf3 Ra3+ 45. Kg4 Ra4+
46. Kh5 Ra2 47. h4 Rxg2 48. Rxa7 1/2-1/2

[Event "Memorial Gashimov - Blitz"]
[Site "Baku"]
[Date "22.12.2021"]
[Round "B1"]
[White "Anand, Viswanathan"]
[Black "Mamedov, Rauf"]
[Result "1/2-1/2"]
[WhiteTitle "GM"]
[BlackTitle "GM"]
[WhiteElo "2751"]
[BlackElo "2656"]
[WhiteFideId "5000017"]
[BlackFideId "13401653"]
[EventDate "2021.12.22"]

1. e4 e5 2. Bc4 Nf6 3. d3 c6 4. Nf3 d5 5. Bb3 Bb4+ 6. c3 Bd6 7. Nbd2 O-O 8. O-O
Re8 9. Re1 a5 10. d4 Nbd7 11. exd5 cxd5 12. dxe5 Nxe5 13. Nxe5 Bxe5 14. Nf3 Bg4
15. Bg5 h6 16. Bxf6 Bxf6 17. Qxd5 Qxd5 18. Bxd5 Red8 19. Rad1 Ra6 20. h3 Bh5 21.
g4 Rad6 22. c4 Bg6 23. Ne5 Bxe5 24. Rxe5 Kf8 25. Rde1 R6d7 26. b3 f6 27. Re6 Bf7
28. Rb6 Bxd5 29. cxd5 Rc8 30. Rb5 a4 31. bxa4 Rc2 32. a3 Rc3 33. Re3 Rc4 34.
Reb3 Rxa4 35. Rxb7 Rxb7 36. Rxb7 Rxa3 37. Kg2 Rd3 38. Rd7 g5 39. f3 Ke8 40. Rh7
Kf8 41. Rxh6 Kg7 42. Rh5 Rxd5 43. h4 Kg6 44. hxg5 fxg5 45. Rh8 Rd6 46. Kf2 Ra6
47. Rb8 Rc6 48. Ke3 Re6+ 49. Kd4 Ra6 50. Rd8 Ra4+ 51. Ke3 Ra3+ 52. Ke4 Rb3 53.
Rd6+ Kg7 54. Rd3 Rb5 55. Rd5 Rb4+ 1/2-1/2

[Event "Memorial Gashimov - Blitz"]
[Site "Baku"]
[Date "22.12.2021"]
[Round "B1"]
[White "Caruana, Fabiano"]
[Black "Asadli, Vugar"]
[Result "1/2-1/2"]
[WhiteTitle "GM"]
[BlackTitle "GM"]
[WhiteElo "2792"]
[BlackElo "2579"]
[WhiteFideId "2020009"]
[BlackFideId "13405764"]
[EventDate "2021.12.22"]

1. e4 c6 2. d4 d5 3. e5 c5 4. dxc5 e6 5. Bd3 Nd7 6. Nf3 Nxc5 7. O-O Bd7 8. Nc3
Ne7 9. Bf4 a6 10. Re1 Ng6 11. Be3 Nxd3 12. cxd3 Be7 13. a4 O-O 14. Qb3 Bc6 15.
Bb6 Qd7 16. d4 f6 17. exf6 gxf6 18. Ne2 Rae8 19. Ng3 Nf4 20. Ba5 Rf7 21. Qc2 Bd6
22. b3 Kh8 23. Bd2 Ng6 24. Bh6 Rg8 25. Rad1 b5 26. axb5 Bxb5 27. Qd2 Re8 28. Rc1
Rc8 29. Rxc8+ Qxc8 30. Qe3 Re7 31. Nh5 e5 32. Nxf6 exd4 33. Qd2 Qc3 34. Nxd5
Qxd2 35. Bxd2 Rxe1+ 36. Nxe1 Ne5 37. Nf4 Nc6 38. Ne6 Kg8 39. f4 Kf7 40. f5 d3
41. Nf3 Ne5 42. Nxe5+ Bxe5 43. g4 Bd7 44. Ng5+ Kg7 45. h3 Bd4+ 46. Kg2 Bc6+ 47.
Kg3 Bf6 48. Ne6+ Kf7 49. Kf4 Bd5 50. Nc5 h6 51. Ke3 Be7 52. b4 Bg2 53. Nxd3 Bxh3
54. Kf2 Bf6 55. Kg3 Bf1 56. Nc5 Bg7 57. Ne6 Be5+ 58. Bf4 Bc3 59. Bxh6 Bxb4 60.
g5 Bd3 61. Kg4 Be2+ 62. Kf4 Bh5 63. Ng7 Bd1 64. g6+ Kf6 65. Ne8+ Ke7 66. f6+ Ke6
67. Ke3 Bc2 68. g7 Kf7 69. Nc7 Bc3 70. Nd5 Bb2 71. Bg5 Bb3 72. Ne7 Ke8 73. g8=Q+
Bxg8 74. Nxg8 Kf7 75. Nh6+ Kg6 76. f7 Bg7 77. Bf4 Bxh6 78. Bxh6 Kxf7 79. Kd4 1/2-1/2

[Event "Memorial Gashimov - Blitz"]
[Site "Baku"]
[Date "22.12.2021"]
[Round "B2"]
[White "Navara, David"]
[Black "Karjakin, Sergey"]
[Result "0-1"]
[WhiteTitle "GM"]
[BlackTitle "GM"]
[WhiteElo "2697"]
[BlackElo "2743"]
[WhiteFideId "309095"]
[BlackFideId "14109603"]
[EventDate "2021.12.22"]

1. Nf3 c5 2. e4 d6 3. Bb5+ Nd7 4. d4 cxd4 5. Nxd4 Nf6 6. O-O a6 7. Bd3 Nc5 8.
Nc3 g6 9. Nb3 Nxd3 10. cxd3 Bg7 11. a4 O-O 12. f3 Qb6+ 13. d4 Be6 14. Ra3 Rfc8
15. a5 Bxb3 16. Rxb3 Qxa5 17. Rxb7 Rcb8 18. Qb3 Qd8 19. Be3 Qc8 20. Rxb8 Rxb8
21. Qa2 Ne8 22. Ra1 Nc7 23. Qc4 Qb7 24. h4 h5 25. Kh2 Rc8 26. Ra4 Bf6 27. Bg5
Ne6 28. Qxa6 Qxa6 29. Rxa6 Nxg5 30. hxg5 Bxg5 31. Nd5 e6 32. f4 exd5 33. fxg5
dxe4 34. Rxd6 Rb8 35. Kg3 Rxb2 36. Rd8+ Kg7 37. Re8 Re2 38. d5 Rd2 39. Re5 Kf8
40. Rxe4 Rxd5 41. Kh4 Rd1 42. Re5 Rd6 43. Re4 Re6 44. Ra4 Re1 45. Ra8+ Ke7 46.
Ra7+ Ke6 47. Ra6+ Ke5 48. Rf6 Re4+ 49. Kg3 Rg4+ 50. Kh3 Rf4 51. Ra6 Rf1 52. Kg3
Ke4 53. Ra4+ Kf5 54. Ra5+ Ke6 55. Ra6+ Kd5 56. Ra5+ Kc6 57. Ra6+ Kc5 58. Ra5+
Kb6 59. Rd5 Kc7 60. Kh3 Rf4 61. g3 Rg4 62. Kg2 Kc6 63. Ra5 Kd6 64. Kf3 Rd4 65.
Ra6+ Ke7 66. Ra7+ Ke6 67. Ra6+ Rd6 68. Ra7 Rd5 69. Ra6+ Ke7 70. Ra7+ Kf8 71. g4
Rxg5 72. gxh5 Rxh5 73. Kg4 Re5 74. Kf4 Re7 75. Ra6 Kg7 76. Kg5 Rc7 77. Rd6 f6+
78. Kf4 Rc4+ 79. Kf3 g5 80. Kg3 Kg6 81. Rd8 Rc3+ 82. Kg2 g4 83. Rd5 f5 84. Ra5
Kg5 85. Rb5 Rd3 86. Rc5 Kf4 87. Rc4+ Ke5 88. Rc5+ Ke4 89. Rc4+ Rd4 90. Rc8 Kf4
91. Rc2 Rd5 92. Rc4+ Kg5 93. Rc2 f4 94. Ra2 Kh4 95. Kh2 g3+ 96. Kg2 Kg4 0-1